| 000 | 01579nam a2200241Ia 4500 | ||
|---|---|---|---|
| 001 | 215 | ||
| 005 | 20251203123019.0 | ||
| 008 | 251203t2005||||xx |||||||||||||| ||spa|| | ||
| 020 | _a9972205339 | ||
| 041 | _aESP | ||
| 082 |
_aRO 370 _bO61 |
||
| 110 | _aOrbis Ventures | ||
| 245 | 0 |
_aColección para educadores _bTomos 1-14 |
|
| 250 | _aPrimera edición | ||
| 260 |
_aLima : _bOrbis Ventures, _c2005 |
||
| 300 |
_a196 páginas : _b ilustraciones, diagramas ; _c 22 cm. _e |
||
| 440 |
_a _n _v |
||
| 505 | _aContiene: Tomo 1: Potenciar la capacidad de aprender a aprender.- Tomo 2: Propuestas de intervención en el aula: técnicas para lograr un clima favorable en la clase.- Tomo 3: Las inteligencias múltiples: cómo estimularlas y desarrollarlas.- Tomo 4: Clarificación de valores y desarrollo humano: estrategias para la escuela.- Tomo 5: Educar jugando.- Tomo 6: Autoestima para niños: juegos, actividades, recursos, experiencias creativas…. – Tomo 7: Escuela sin violencia: resolución de conflictos. - Tomo 8: Estrategias para el desarrollo de los temas transversales del currículum.- Tomo 9: Psicología del desarrollo: el mundo del adolescente.- Tomo 10: Aprendiendo juntos.- Tomo 11: La solución de conflictos en la escuela: una guía práctica para maestros.- Tomo 12: El juego educativo: iniciación a la actividad intelectual y motriz.- Tomo 13: La evaluación educativa, su práctica y otras metáforas.- Tomo 14: Conductas de acoso y amenazas entres escolares. | ||
| 650 | _aCIS | ||
| 653 | _aEducación | ||
| 654 | _aCED | ||
| 942 |
_cLIB _dJUS _fMAT _2ddc _n |
||
| 999 |
_c215 _d215 |
||